[Event "USA tt"]
[Site "ICC INT"]
[Date "2005.09.14"]
[Round "3"]
[White "Martinez, Marcel"]
[Black "Panchanathan, Magesh Chandran"]
[Result "1-0"]
[WhiteElo "2418"]
[BlackElo "2473"]
[PlyCount "46"]
[EventDate "2005.10.05"]
[EventType "team"]
[EventRounds "10"]
[EventCountry "USA"]
[SourceTitle "CBM 108 Extra"]
[Source "ChessBase"]
[SourceDate "2005.11.04"]
[SourceVersion "1"]
[SourceVersionDate "2005.11.04"]
[SourceQuality "1"]

1. e4 e5 2. Nf3 Nc6 3. Bb5 a6 4. Ba4 Nf6 5. 0-0 Be7 6. Re1 b5 7. Bb3 d6 8. c3 0-0 9. d4 Bg4 10. d5 Na5 11. Bc2 c6 12. h3 Bc8 13. dxc6 Qc7 14. b4 Nc4 15. Nbd2 Qxc6 16. Nxc4 Qxc4 17. Bb2 Bb7 18. Bd3 Qc7 19. a4 d5 20. exd5 Nxd5 21. Nxe5 Bf6 22. Ng4 Bxc3 23. Rc1 a5 1-0

[Event "USA tt"]
[Site "ICC INT"]
[Date "2005.09.07"]
[Round "2"]
[White "Milman, Lev"]
[Black "Martinez, Marcel"]
[Result "1/2-1/2"]
[WhiteElo "2459"]
[BlackElo "2418"]
[PlyCount "63"]
[EventDate "2005.10.05"]
[EventType "team"]
[EventRounds "10"]
[EventCountry "USA"]
[SourceTitle "CBM 108 Extra"]
[Source "ChessBase"]
[SourceDate "2005.11.04"]
[SourceVersion "1"]
[SourceVersionDate "2005.11.04"]
[SourceQuality "1"]

1. e4 e5 2. Nf3 Nc6 3. Bb5 Nd4 4. Nxd4 exd4 5. 0-0 g6 6. c3 Bg7 7. e5 c6 8. Bc4 Ne7 9. cxd4 d5 10. Bd3 Qb6 11. Qa4 Bf5 12. Be2 Bxb1 13. Rxb1 Nf5 14. Bg4 Qxd4 15. Qxd4 Nxd4 16. f4 0-0 17. b3 f5 18. exf6 Bxf6 19. g3 Kg7 20. Kg2 Rfe8 21. Bb2 Nb5 22. Bxf6+ Kxf6 23. Rbe1 Nd4 24. Bd1 a5 25. g4 Rad8 26. h4 Re4 27. Rxe4 dxe4 28. Kf2 Ne6 29. Ke1 Nd4 30. Kf2 Ne6 31. Ke1 Nd4 32. Kf2 1/2-1/2